Catálogo
 En Linea

El paisaje dominicano : (Registro nro. 55348)

Detalles MARC
000 -CABECERA
campo de control de longitud fija 02421nam a2200301 i 4500
003 - IDENTIFICADOR DEL NÚMERO DE CONTROL
campo de control DO-SdBNP
005 - FECHA Y HORA DE LA ÚLTIMA TRANSACCIÓN
campo de control 20250129121827.0
007 - CAMPO FIJO DE DESCRIPCIÓN FÍSICA--INFORMACIÓN GENERAL
campo de control de longitud fija ta
008 - DATOS DE LONGITUD FIJA--INFORMACIÓN GENERAL
campo de control de longitud fija 231127b1992 dr c|||| |||| 00| 0 eng d
040 ## - FUENTE DE LA CATALOGACIÓN
Centro catalogador/agencia de origen DO-SdBNP
Lengua de catalogación spa
Centro/agencia transcriptor BNPHU
Normas de descripción rda
082 #4 - NÚMERO DE LA CLASIFICACIÓN DECIMAL DEWEY
Número de clasificación 759.7293
Número de documento/Ítem M647
Número de edición 22
100 11 - ENTRADA PRINCIPAL--NOMBRE DE PERSONA
Nombre de persona Miller, Jeannette,
Fechas asociadas al nombre 1944-
9 (RLIN) 83484
245 13 - MENCIÓN DE TÍTULO
Título El paisaje dominicano :
Resto del título pintura y poesía /
Mención de responsabilidad, etc. Jeannette Miller, Freddy Gatón Arce
264 #1 - PRODUCCIÓN, PUBLICACIÓN, DISTRIBUCIÓN, FABRICACIÓN Y COPYRIGHT
Producción, publicación, distribución, fabricación y copyright Santo Domingo :
Nombre del de productor, editor, distribuidor, fabricante Banco BHD,
Fecha de producción, publicación, distribución, fabricación o copyright 1992.
300 ## - DESCRIPCIÓN FÍSICA
Extensión 104 páginas
Otras características físicas retratos
Dimensiones 32 cm.
336 ## - TIPO DE CONTENIDO
Fuente rdacontent
Término de tipo de contenido texto
Código de tipo de contenido txt
337 ## - TIPO DE MEDIO
Fuente rdamedia
Nombre/término del tipo de medio sin mediación
Código del tipo de medio n
338 ## - TIPO DE SOPORTE
Fuente rdacarrier
Nombre/término del tipo de soporte volumen
Código del tipo de soporte nc
500 ## - NOTA GENERAL
Nota general Incluye datos biografícos de los autores en las paginas 101 y 102.
500 ## - NOTA GENERAL
Nota general Incluye datos sobre los poetas en las paginas 97-99.
500 ## - NOTA GENERAL
Nota general Vigésimo aniversario empresas BHD.
504 ## - NOTA DE BIBLIOGRAFÍA, ETC.
Nota de bibliografía, etc. Bibliografía p: 24.
505 0# - NOTA DE CONTENIDO CON FORMATO
Mención de responsabilidad Jeannette Miller --
Título El paisaje en la pintura dominicana /
Mención de responsabilidad Freddy Gatón Arce --
Título Nota sobre los poemas /
Mención de responsabilidad Emilio Prud´Homme --
Título Contrastes /
Mención de responsabilidad Vigil Diaz --
Título Tímpano de la montaña /
Mención de responsabilidad Víctor Garrido --
Título El camino en la montaña /
Mención de responsabilidad Ricardo Pérez Alfonseca --
Título Crepúsculo /
Mención de responsabilidad Domingo Moreno Jiménez --
Título Paisajes /
Mención de responsabilidad Rafael Américo Henríquez --
Título Va cantando /
Mención de responsabilidad Manuel Llanes --
Título Noche ya /
Mención de responsabilidad Tomás Hernández Franco --
Título Otro después /
Mención de responsabilidad Franklin Mieses Burgos --
Título El río /
Mención de responsabilidad Héctor Inchaustegui Cabral --
Título Por Copacabana buscando -trece /
Mención de responsabilidad Manuel del Cabral --
Título Huésped primero /
Mención de responsabilidad Pedro Mir --
Título Material de mi aldea /
Mención de responsabilidad Rubén Suro --
Título Soneto de yodo y sal /
Mención de responsabilidad Aida Cartagena Portalatín --
Título Fiesta del regreso /
Mención de responsabilidad Freddy Gatón Arce --
Título La tala /
Mención de responsabilidad Manuel Rueda --
Título El pequeño dios /
Mención de responsabilidad Ramón Francisco --
Título Los techos /
Mención de responsabilidad Lupo Hernández Rueda --
Título Crónicas del Sur -XVII /
Mención de responsabilidad Abelardo Vicioso --
Título Argumento de la sangre -I /
Mención de responsabilidad Máximo Avilés Blonda --
Título Verano III /
Mención de responsabilidad Rafael Lara Cintrón --
Título Viento de las praderas /
Mención de responsabilidad Luis Alfredo Torres --
Título Asidero /
Mención de responsabilidad René del Risco Bermúdez --
Título Las ramas /
Mención de responsabilidad Jeannette Miller --
Título Desandando /
Mención de responsabilidad Juan Carlos Mieses --
Título Ciudad de siempre /
Mención de responsabilidad José Enrique García --
Título El fabulador /
Mención de responsabilidad Soledad Alvarez --
Título Paisaje /
Mención de responsabilidad Rafael García Bidó --
Título Ciudades /
Mención de responsabilidad Cayo Claudio Espinal --
Título Utopía de los vínculos /
Mención de responsabilidad José Mármol --
Título Poema 24 al Ozama: acuarela /
590 ## - NOTA LOCAL (RLIN)
Nota local Inventariado, 2023/ YL
700 1# - PUNTO DE ACCESO ADICIONAL--NOMBRE DE PERSONA
Nombre de persona Gatón Arce, Freddy,
Fechas asociadas al nombre 1920-1994
Término indicativo de función/relación poesía
9 (RLIN) 7946
910 ## - DATOS DE OPCIÓN DEL USUARIO (OCLC)
Datos de opción del usuario YLockward
942 ## - ELEMENTOS DE PUNTO DE ACCESO ADICIONAL (KOHA)
Fuente del sistema de clasificación o colocación Dewey Decimal Classification
Tipo de ítem Koha Libro
Existencias
Estado de retiro Estado de pérdida Fuente del sistema de clasificación o colocación Restricciones de uso No para préstamo Código de colección Localización permanente Ubicación/localización actual Ubicación en estantería Fecha de adquisición Fuente de adquisición Total de préstamos Signatura topográfica completa Código de barras Fecha visto por última vez Precio válido a partir de Tipo de ítem Koha
    Dewey Decimal Classification Excluido de préstamo   Patrimonio Dominicano Biblioteca Nacional Pedro Henríquez Ureña Biblioteca Nacional Pedro Henríquez Ureña En catalogación 15.09.2023 Banco BHD   BNPHU PD 759.7293 M648p 2023-8042 31.10.2023 31.10.2023 Libro

Con tecnología Koha